| 000 | 00694nam a2200253Ia 4500 | ||
|---|---|---|---|
| 008 | 220216s9999 xx 000 0 und d | ||
| 100 | _aGopalakrishnan J | ||
| 245 | 0 | _aRecovery of L-quebrachitol from different latex serum sources of Hevea brasiliensis | |
| 260 |
_bNatural Rubber Research _c2011 |
||
| 300 | _a253-258 | ||
| 500 | _aSource Year: 2011 | ||
| 650 | _aLatex serum | ||
| 650 | _aLatex serum | ||
| 650 | _aQuebrachitol | ||
| 650 | _aQuebrachitol | ||
| 650 | _aSecondary metabolite | ||
| 650 | _aSecondary metabolite | ||
| 700 | _aAbraham P A | ||
| 700 | _aAnnamalainathan K | ||
| 700 | _aJacob J | ||
| 700 | _aKrishnakumar R | ||
| 700 | _aThomas M | ||
| 942 | _cAR | ||
| 999 |
_c46708 _d46708 |
||